Genomic technologies for Hevea breeding (Record no. 48883)
[ view plain ]
| 000 -LEADER | |
|---|---|
| fixed length control field | 00522nam a2200169Ia 4500 |
| 100 ## - MAIN ENTRY--AUTHOR NAME | |
| Personal name | Supriya R |
| 245 #0 - TITLE STATEMENT | |
| Title | Genomic technologies for Hevea breeding |
| 260 ## - PUBLICATION, DISTRIBUTION, ETC. (IMPRINT) | |
| Name of publisher | Advances in Genetics, 104. 1-73. doi:10.1016/bs.adgen.2019.04.001 |
| 650 ## - SUBJECT ADDED ENTRY--TOPICAL TERM | |
| Topical Term | Gene mapping |
| 650 ## - SUBJECT ADDED ENTRY--TOPICAL TERM | |
| Topical Term | Genetic markers |
| 650 ## - SUBJECT ADDED ENTRY--TOPICAL TERM | |
| Topical Term | Rubber biosynthesis |
| 650 ## - SUBJECT ADDED ENTRY--TOPICAL TERM | |
| Topical Term | Tapping panel dryness whole genome sequencing |
| 650 ## - SUBJECT ADDED ENTRY--TOPICAL TERM | |
| Topical Term | Transcriptome analysis |
| 700 ## - ADDED ENTRY--PERSONAL NAME | |
| Personal name | Priyadarshan P.M |
| 942 ## - ADDED ENTRY ELEMENTS (KOHA) | |
| Koha item type | Bibliography STAF |
| Withdrawn status | Lost status | Damaged status | Not for loan | Home library | Current library | Shelving location | Date acquired | Koha item type |
|---|---|---|---|---|---|---|---|---|
| Bibliography | RRII Library | RRII Library | Biotechnology | 09/04/2014 | Bibliography STAF |